Finančné a manažérske účtovníctvo – ich vzájomný vzťah a úlohy v riadení podniku diplomová práca

Guardado en:
Detalles Bibliográficos
Autor principal: Hatalová, Zuzana
Autor Corporativo: Podnikovohospodárska fakulta EU so sídlom v Košiciach. Katedra účtovníctva a financií
Otros Autores: Lajoš, Branislav
Formato: Libro
Lenguaje:eslovaco
Publicado: Košice 2011
Etiquetas: Agregar Etiqueta
Sin Etiquetas, Sea el primero en etiquetar este registro!

MARC

LEADER 00000nbm a2200000 4500
001 0130481
005 20161109101537.2
041 0 |a slo 
044 |a SK 
245 1 0 |a Finančné a manažérske účtovníctvo – ich vzájomný vzťah a úlohy v riadení podniku  |b diplomová práca  |c Zuzana Hatalová ; školiteľ: Branislav Lajoš 
264 1 |a Košice  |c 2011 
300 |a 79 s. 
100 1 |a Hatalová, Zuzana 
700 1 |a Lajoš, Branislav 
710 2 |a Podnikovohospodárska fakulta EU so sídlom v Košiciach. Katedra účtovníctva a financií